Normal view
MARC view
- Stockholm International Peace Research Institute.
Entry Corporate Name
001 - CONTROL NUMBER
- control field: 20627
003 - CONTROL NUMBER IDENTIFIER
- control field: NUST
005 - DATE AND TIME OF LATEST TRANSACTION
- control field: 20190913070012.0
008 - FIXED-LENGTH DATA ELEMENTS
- fixed length control field: 190913|| aca||aabn | a|a d
040 ## - CATALOGING SOURCE
- Original cataloging agency: NUST
- Transcribing agency: NUST
110 ## - HEADING--CORPORATE NAME
- Corporate name or jurisdiction name as entry element: Stockholm International Peace Research Institute.
670 ## - SOURCE DATA FOUND
- Source citation: Work cat.: (NUST)0: Nicholas Zarimpas. 20621, Transparency in nuclear warheads and materials :, 2003.
